000 00623nam a2200217Ia 4500
003 OSt
005 20220926012446.0
006 a|||||r|||| 00| 0
007 ta
008 220923b |||||||| |||| 00| 0 eng d
037 _cGeneral Book
040 _aRTL
_cRTL
_beng
041 _2eng
_aeng
082 _aY7b4, M0/TD
100 _aHannerz Ulf
_9138808
245 0 _aExploring the City
_b inquiries Towards an Urban Anthropology
260 _aNew York
_bColumbia University Press
_c1980
300 _ax,378p.
_ccm.
942 _hY7b4, M0/TD
_cGB
_2CC
999 _c623089
_d623089